000 00622nam a22002057a 4500
003 koha_MIRAKIL
005 20250409101308.0
008 250409b tur||||| |||| 00| 0 tur d
020 _a9786257373098
040 _aTR-IsEVY
_btur
_cTR-IsEVY
041 _atur
082 _aFIC VID/B
100 _aVidal, Mireia
245 0 _aBugün nasılsın ? /
_cMireia Vidal ; resimleyen Anna Font.
260 _aİstanbul :
_bAbm Yayınevi,
_c2022.
300 _a[34] s. :
_brenkli resimli ;
_c22X27 cm.
650 _aÇocuk edebiyatı -- Hikayeler.
_vResimli Kitaplar.
700 1 _aFont, Anna.
_cresimleyen.
942 _2ddc
_cBK
999 _c21605
_d21605